生命可贵 自由价高: 我的青春岁月 (Record no. 39592)

000 -LEADER
fixed length control field 00478nam a22001937a 4500
003 - CONTROL NUMBER IDENTIFIER
control field MPLRDC
005 - DATE AND TIME OF LATEST TRANSACTION
control field 20220104143415.0
008 - FIXED-LENGTH DATA ELEMENTS--GENERAL INFORMATION
fixed length control field 210129b ||||| |||| 00| 0 eng d
020 ## - INTERNATIONAL STANDARD BOOK NUMBER
International Standard Book Number 962-973-221-1
082 ## - DEWEY DECIMAL CLASSIFICATION NUMBER
Classification number 855 WD
100 ## - MAIN ENTRY--PERSONAL NAME
Personal name 王丹
245 ## - TITLE STATEMENT
Title 生命可贵 自由价高: 我的青春岁月
Statement of responsibility, etc.
250 ## - EDITION STATEMENT
Edition statement 再版
260 ## - PUBLICATION, DISTRIBUTION, ETC.
Place of publication, distribution, etc.
Name of publisher, distributor, etc. 明报出版社
Date of publication, distribution, etc. 1999
300 ## - PHYSICAL DESCRIPTION
Other physical details
490 ## - SERIES STATEMENT
Series statement 神州系列
650 ## - SUBJECT ADDED ENTRY--TOPICAL TERM
Topical term or geographic name entry element 散文;随笔、日记
942 ## - ADDED ENTRY ELEMENTS (KOHA)
Koha item type Book
-- 855 WD
Holdings
Withdrawn status Lost status Source of classification or shelving scheme Damaged status Not for loan Collection code Home library Current library Shelving location Date acquired Cost, normal purchase price Total Checkouts Full call number Barcode Date last seen Date last checked out Price effective from Koha item type Public note
            Malaysian Public Library, Research and Development Centre Malaysian Public Library, Research and Development Centre   10/12/2007 34.00   855 WD 00039723 18/03/2021 10/12/2007 18/03/2021 Book mplrdc

© 2022. Malaysian Public Library, Research and Development Centre. All Right ReservedE-mailmplrdc@help.edu.my 

Powered by Koha